000 00591nam a2200229Ia 4500
003 OSt
005 20220918205557.0
006 a|||||r|||| 00| 0
007 ta
008 220917b |||||||| |||| 00| 0 eng d
024 _a117,137
037 _cTextual
040 _aARTS
_cARTS
_beng
041 _2eng
_aeng
082 _aV6:1:N5, J8 (906)
100 _aGriffiths James
_9115540
245 0 _aLivingstone's Africa yesterday and today
260 _c1958
650 _aHISTORY
942 _hV6:1:N5, J8 (906)
_cTEXL
_2CC
999 _c240427
_d240427